[Event "Kieler Open 2017-A"]
[Site "Kiel"]
[Date "2017.07.29"]
[Round "2.7"]
[White "Bendel, Ralf"]
[Black "Jahncke, Giso"]
[Result "0-1"]
[WhiteElo "2124"]
[BlackElo "2340"]
[Annotator "hjh"]
[PlyCount "58"]

1. e4 e5 2. Nf3 Nc6 3. Bb5 a6 4. Ba4 Nf6 5. d4 exd4 6. O-O Be7 7. Re1 b5 8. e5
Nxe5 9. Nxe5 bxa4 10. Qxd4 O-O 11. Qxa4 Rb8 12. Nd3 Bb7 13. Nc3 Re8 14. Be3 d6
15. h3 h6 16. Rad1 Qc8 17. Bf4 c5 18. Re2 Bc6 19. Qa3 Qb7 20. Ne1 Rbd8 21. b3
d5 22. Qc1 d4 23. Nb1 Nd5 24. f3 Nxf4 25. Qxf4 Bg5 26. Rxe8+ Rxe8 27. Qd6 Re2
28. Qg3 Be3+ 29. Kh1 Bf2 0-1

[Event "Kieler Open 2017-A"]
[Site "Kiel"]
[Date "2017.07.29"]
[Round "2.8"]
[White "Gaede, Derek"]
[Black "Ritter, Uwe"]
[Result "1/2-1/2"]
[WhiteElo "2340"]
[BlackElo "2056"]
[Annotator "hjh"]
[PlyCount "119"]

1. d4 Nf6 2. Nf3 e6 3. Bf4 c5 4. e3 d5 5. c3 Nc6 6. Nbd2 Bd6 7. Bg3 O-O 8. Bd3
Qe7 9. Ne5 Bxe5 10. dxe5 Nd7 11. f4 f6 12. exf6 Nxf6 13. Nf3 e5 14. fxe5 Ng4
15. Qe2 Ncxe5 16. Nxe5 Nxe5 17. Bxh7+ Kxh7 18. Qh5+ Kg8 19. Qxe5 Qxe5 20. Bxe5
Rf5 21. Bf4 Be6 22. O-O Re8 23. h3 Rf6 24. Rfd1 Bf7 25. a3 Re4 26. g3 Be6 27.
h4 Kh7 28. Rd2 Kg6 29. Rad1 Rf5 30. Kg2 Kh5 31. Kf3 Kg6 32. g4 Rf7 33. h5+ Kh7
34. g5 Rf5 35. Rh2 Rxg5 36. Bxg5 Bg4+ {(=)} 37. Kg3 Bxd1 38. Bf4 Ba4 39. h6
gxh6 40. Rxh6+ Kg7 41. Rd6 Bc6 42. Kg4 Kf7 43. Kf5 Ke7 44. Rh6 Bd7+ 45. Kg5 Re6
{(=)} 46. Rh7+ Kd8 47. Rh8+ Re8 48. Rh7 Re6 49. Rg7 Re7 50. Bc7+ Ke8 51. Rg8+
Kf7 52. Rb8 Bc6 53. Bd6 Rxe3 54. Bxc5 Re2 55. b4 a6 56. a4 Re8 57. Rxe8 Bxe8
58. b5 axb5 59. a5 Ke6 60. Kf4 1/2-1/2

[Event "Kieler Open 2017-A"]
[Site "Kiel"]
[Date "2017.07.29"]
[Round "2.10"]
[White "Wichmann, Cliff"]
[Black "Oltzen, Samuel"]
[Result "1-0"]
[WhiteElo "2297"]
[BlackElo "1990"]
[Annotator "hjh"]
[PlyCount "67"]

1. d4 Nf6 2. Nf3 e6 3. c4 d5 4. Nc3 dxc4 5. e3 a6 6. Bxc4 b5 7. Bb3 Bb7 8. O-O
Nbd7 9. Qe2 c5 10. Rd1 cxd4 11. exd4 Be7 12. d5 exd5 13. Nxd5 Nxd5 14. Bxd5
Bxd5 15. Rxd5 Qc7 16. Bd2 Nf8 17. Rc1 Qb7 18. Qe4 Ne6 19. Nd4 Nxd4 20. Rxd4
Qxe4 21. Rxe4 Kf8 22. Rc7 Bf6 23. g3 h5 24. h4 g6 25. Rf4 Be7 26. Bc3 Rh7 27.
Re4 Bd6 28. Rd7 Bc5 29. Re5 Bb6 30. Rb7 Ba7 31. Ree7 Bc5 32. Rec7 Bd6 33. Rd7
Bc5 34. b4 1-0

[Event "Kieler Open 2017-A"]
[Site "Kiel"]
[Date "2017.07.29"]
[Round "2.11"]
[White "Jordan, Christian"]
[Black "Junge, Ralph"]
[Result "1/2-1/2"]
[WhiteElo "2182"]
[BlackElo "2286"]
[Annotator "had"]
[PlyCount "62"]

1. e4 Nf6 2. e5 Nd5 3. d4 Nb6 4. c4 d6 5. exd6 exd6 6. Nc3 Be7 7. Be3 O-O 8.
Bd3 Bf6 9. Nge2 Nc6 10. Qd2 Nb4 11. O-O Re8 12. Ne4 Nxd3 13. Nxf6+ Qxf6 14.
Qxd3 d5 15. b3 Bf5 16. Qc3 dxc4 17. bxc4 c5 18. Rac1 Rac8 19. d5 Qxc3 20. Rxc3
Nxc4 21. Rxc4 Bd3 22. Rxc5 Rxc5 23. Bxc5 Bxe2 24. Re1 b6 25. Bd6 f6 26. Bc7 Kf7
27. d6 Bb5 28. Rxe8 Bxe8 29. Kf1 Ke6 30. Ke2 Kd5 31. Kd3 Bd7 1/2-1/2

[Event "Kieler Open 2017-A"]
[Site "Kiel"]
[Date "2017.07.29"]
[Round "2.12"]
[White "Fernandez, Michael"]
[Black "Rohde, Patrick"]
[Result "1-0"]
[WhiteElo "2236"]
[BlackElo "1939"]
[Annotator "had"]
[PlyCount "65"]

1. e4 c5 2. c3 Nf6 3. Qc2 Nc6 4. Nf3 d5 5. e5 Nd7 6. d4 cxd4 7. cxd4 Nb6 8. Nc3
Bg4 9. Be3 e6 10. Be2 Be7 11. O-O O-O 12. Ng5 Bf5 13. Qd2 h6 14. Nf3 Rc8 15.
Bd3 Bxd3 16. Qxd3 Nc4 17. Qe2 a6 18. Rac1 b5 19. b3 Nxe3 20. Qxe3 Qa5 21. Kh1
Ba3 22. Rc2 Nxe5 23. Nxe5 b4 24. Nxd5 exd5 25. Qd3 Rxc2 26. Qxc2 Qb5 27. Re1
Re8 28. Kg1 Qb7 29. Nd3 Rxe1+ 30. Nxe1 Qe7 31. Kf1 Qf6 32. Qc5 Bb2 33. Qc8+ 1-0

[Event "Kieler Open 2017-A"]
[Site "Kiel"]
[Date "2017.07.29"]
[Round "2.13"]
[White "Prasse, Philipp"]
[Black "Syrov, Arkadi"]
[Result "0-1"]
[WhiteElo "2013"]
[BlackElo "2267"]
[Annotator "had"]
[PlyCount "100"]

1. e4 e5 2. Nf3 Nc6 3. Bc4 Bc5 4. c3 Nf6 5. d3 a6 6. Bb3 Ba7 7. O-O h6 8. Be3
O-O 9. Bxa7 Rxa7 10. Nbd2 Re8 11. Re1 d6 12. Nf1 Be6 13. Ng3 d5 14. Qe2 Ra8 15.
Rad1 Qc8 16. exd5 Bxd5 17. Ne4 Bxe4 18. dxe4 Na5 19. Qc2 Qg4 20. h3 Qg6 21. Qe2
Nxb3 22. axb3 Nh5 23. Nh4 Qg5 24. Qg4 Rad8 25. Nf3 Qxg4 26. hxg4 Nf6 27. g5
hxg5 28. Nxg5 Nd7 29. f3 f6 30. Nh3 Nc5 31. Rd5 Rxd5 32. exd5 Nxb3 33. f4 Nc5
34. fxe5 Rxe5 35. Rxe5 fxe5 36. Ng5 Na4 37. Ne6 Nxb2 38. Nxc7 Kf7 39. Kf1 Ke7
40. Ke2 g6 41. Ne6 Kd6 42. Nf8 Kxd5 43. Nxg6 Ke4 44. Kd2 Nc4+ 45. Kc2 Ne3+ 46.
Kb3 Nxg2 47. Kb4 Nf4 48. Nh4 b6 49. c4 Nd3+ 50. Kc3 Nc5 0-1

[Event "Kieler Open 2017-A"]
[Site "Kiel"]
[Date "2017.07.29"]
[Round "2.14"]
[White "Kuberczyk, Christoph"]
[Black "Schaefer, Martin"]
[Result "1-0"]
[WhiteElo "2177"]
[BlackElo "2001"]
[Annotator "had"]
[PlyCount "51"]

1. g3 f5 2. Nf3 d6 3. d4 g6 4. Bg2 Bg7 5. O-O Nf6 6. c4 O-O 7. Nc3 c6 8. d5 e5
9. dxe6 Bxe6 10. Qd3 Na6 11. Ng5 Re8 12. Bf4 d5 13. Nxe6 Rxe6 14. cxd5 Nb4 15.
Qc4 Nbxd5 16. Rad1 Kh8 17. Nxd5 cxd5 18. Bxd5 Nxd5 19. Rxd5 Qe7 20. Rfd1 Re4
21. Qd3 h6 22. Rd7 Qb4 23. Qd5 Rxe2 24. Rxg7 Qb6 25. Be3 Rxe3 26. Qf7 1-0

[Event "Kieler Open 2017-A"]
[Site "Kiel"]
[Date "2017.07.29"]
[Round "2.15"]
[White "Benzen, Marthe"]
[Black "Niering, Martin"]
[Result "0-1"]
[WhiteElo "2016"]
[BlackElo "2225"]
[Annotator "had"]
[PlyCount "76"]

1. e4 e6 2. d4 d5 3. Nd2 Be7 4. Bd3 Nf6 5. e5 Nfd7 6. Ne2 c5 7. c3 Nc6 8. O-O
Qb6 9. Nf3 cxd4 10. cxd4 f5 11. a3 a5 12. b3 Qd8 13. Bb2 O-O 14. Rc1 Nb6 15. h3
Bd7 16. Nh2 Kh8 17. g4 g6 18. f4 a4 19. b4 Na7 20. Nc3 Rc8 21. gxf5 gxf5 22.
Nf3 Qe8 23. Kh2 Rg8 24. Rg1 Rxg1 25. Qxg1 Nc4 26. Qf2 Rc7 27. Rg1 Bb5 28. Qg2
Qf8 29. Bxf5 Ne3 30. Qf2 Nxf5 31. Ng5 Bxg5 32. fxg5 Be8 33. Rf1 Rf7 34. Qd2 Nh4
35. Rxf7 Qxf7 36. Qe3 Qf3 37. Qxf3 Nxf3+ 38. Kg2 Nxg5 0-1

[Event "Kieler Open 2017-A"]
[Site "Kiel"]
[Date "2017.07.29"]
[Round "2.16"]
[White "Basey, Matthew"]
[Black "Light, Bjarne"]
[Result "0-1"]
[WhiteElo "1793"]
[BlackElo "2196"]
[Annotator "had"]
[PlyCount "36"]

1. e4 c5 2. Nc3 Nc6 3. g4 g6 4. Bg2 Bg7 5. d3 a6 6. f4 d6 7. h4 Nf6 8. f5 h5 9.
g5 Ng4 10. fxg6 fxg6 11. Nge2 O-O 12. Nf4 Nf2 13. Kxf2 e5 14. Ncd5 exf4 15.
Nxf4 Be5 16. Kg3 Nd4 17. Rf1 Bg4 18. Qd2 Ne2+ 0-1

[Event "Kieler Open 2017-A"]
[Site "Kiel"]
[Date "2017.07.29"]
[Round "2.17"]
[White "Schulze, Lara"]
[Black "Dittmann, Hans-Adolf"]
[Result "1-0"]
[WhiteElo "2141"]
[BlackElo "2073"]
[Annotator "had"]
[PlyCount "35"]

1. e4 c5 2. Nf3 d6 3. d4 cxd4 4. Nxd4 Nf6 5. Nc3 a6 6. h3 e6 7. g4 Be7 8. Bg2
Nfd7 9. Be3 Nc6 10. Qd2 Nde5 11. b3 Bf6 12. O-O-O Nxd4 13. Bxd4 Nc6 14. Bxf6
Qxf6 15. g5 Qe5 16. f4 Qc5 17. Kb2 Ke7 18. Na4 1-0

[Event "Kieler Open 2017-A"]
[Site "Kiel"]
[Date "2017.07.29"]
[Round "2.18"]
[White "Schramm, Bernd"]
[Black "Pluska, Alexander"]
[Result "0-1"]
[WhiteElo "2036"]
[BlackElo "2205"]
[Annotator "had"]
[PlyCount "84"]

1. e4 c5 2. c3 Nf6 3. e5 Nd5 4. d4 cxd4 5. cxd4 d6 6. Nf3 Bg4 7. h3 Bxf3 8.
Qxf3 e6 9. Bc4 Nc6 10. Qe4 Qb6 11. exd6 Qxd4 12. Bxd5 Qxd5 13. Qxd5 exd5 14.
Nc3 d4 15. Ne4 f5 16. Ng5 Bxd6 17. O-O O-O 18. Bd2 Rfe8 19. Rfe1 h6 20. Nf3 Re4
21. a3 Rae8 22. Kf1 Kf7 23. b4 a6 24. Red1 Be5 25. Rab1 b5 26. Rbc1 Ne7 27. Ne1
Bf6 28. Nd3 Nd5 29. Rc5 Nc3 30. Re1 Rxe1+ 31. Nxe1 Re5 32. Rc7+ Re7 33. Rc6 Re6
34. Rc7+ Ke8 35. Nd3 Kd8 36. Ra7 Rc6 37. Bf4 g5 38. Bc1 Nd5 39. Rh7 Be7 40. Bd2
Rc2 41. Ke1 Rc6 42. Ne5 Re6 0-1

[Event "Kieler Open 2017-A"]
[Site "Kiel"]
[Date "2017.07.29"]
[Round "2.19"]
[White "Gehlsen, René"]
[Black "Böhm, Thomas"]
[Result "1/2-1/2"]
[WhiteElo "1635"]
[BlackElo "2154"]
[Annotator "had"]
[PlyCount "73"]

1. d4 d5 2. Nf3 Nf6 3. g3 e6 4. Bg2 b5 5. c3 Bb7 6. O-O Nbd7 7. Ne5 Nxe5 8.
dxe5 Nd7 9. f4 c5 10. Re1 Qc7 11. e4 Nb6 12. Na3 a6 13. Nc2 Rd8 14. exd5 Bxd5
15. Bxd5 Nxd5 16. Qf3 g6 17. Ne3 Be7 18. Kg2 O-O 19. h4 h5 20. Nxd5 Rxd5 21.
Be3 Rfd8 22. Rad1 Qd7 23. Rxd5 Qxd5 24. Re2 Kf8 25. Rd2 Qxf3+ 26. Kxf3 Ke8 27.
Rxd8+ Kxd8 28. b3 Kd7 29. Ke4 Kc6 30. Kd3 Bd8 31. c4 Ba5 32. Bd2 bxc4+ 33. bxc4
Bb4 34. Bc3 Kb6 35. Kc2 Ka5 36. a3 Bxc3 37. Kxc3 1/2-1/2

[Event "Kieler Open 2017-A"]
[Site "Kiel"]
[Date "2017.07.29"]
[Round "2.20"]
[White "Kopylov, Daniel"]
[Black "Hartwig, Frank"]
[Result "1-0"]
[WhiteElo "2172"]
[BlackElo "1984"]
[Annotator "had"]
[PlyCount "63"]

1. e4 e5 2. Nf3 d6 3. d4 exd4 4. Nxd4 Nf6 5. Nc3 Be7 6. Bc4 O-O 7. O-O Nc6 8.
h3 a6 9. a4 Bd7 10. Nxc6 bxc6 11. a5 Bc8 12. Qf3 Nd7 13. Bf4 Bf6 14. Rad1 Be5
15. Bc1 Qf6 16. Qe3 Bxc3 17. bxc3 Re8 18. f4 Qe7 19. Rde1 Nf8 20. Qg3 Rb8 21.
Kh1 Rb1 22. f5 Rxc1 23. f6 Qxf6 24. Rxc1 Qe7 25. Rxf7 Qxf7 26. Bxf7+ Kxf7 27.
Rf1+ Kg8 28. Qf2 Be6 29. Qa7 Bc4 30. Rb1 Rxe4 31. Qxc7 Bd5 32. Rb7 1-0

[Event "Kieler Open 2017-A"]
[Site "Kiel"]
[Date "2017.07.29"]
[Round "2.21"]
[White "Koedijk, Klaas Jan"]
[Black "Neumann, Frank"]
[Result "0-1"]
[WhiteElo "1311"]
[BlackElo "2072"]
[Annotator "had"]
[PlyCount "94"]

1. e4 g6 2. d4 c6 3. Nc3 d5 4. Nf3 dxe4 5. Nxe4 Bg7 6. Be3 Nd7 7. Bc4 Ngf6 8.
Nxf6+ Nxf6 9. O-O Nd5 10. c3 Nxe3 11. fxe3 O-O 12. Qd2 Qa5 13. Rf2 Qh5 14. Raf1
Bf5 15. Qe1 Be4 16. Nd2 Bd5 17. Be2 Qg5 18. Bc4 Bxc4 19. Nxc4 Qd5 20. Qe2 f5
21. b3 e5 22. Rd1 e4 23. Rdf1 b5 24. Nb2 Rab8 25. Qd2 Qd6 26. b4 a5 27. a3 axb4
28. axb4 Ra8 29. Qc2 Bh6 30. Re2 Ra3 31. Rfe1 Kh8 32. Rb1 Rfa8 33. Nd1 Qd5 34.
Rb2 Qc4 35. Re1 Ra1 36. Rb1 Rxb1 37. Qxb1 Ra2 38. Qc1 Qb3 39. g3 Qa4 40. h3 Rc2
41. Qb1 Rd2 42. Nf2 Qc2 43. Qa1 Rxf2 44. Qa8+ Kg7 45. Qb7+ Kf6 46. Qxc6+ Kg5
47. h4+ Kg4 0-1

[Event "Kieler Open 2017-A"]
[Site "Kiel"]
[Date "2017.07.29"]
[Round "2.22"]
[White "Horn, Peter"]
[Black "Krieglstein, Marcel"]
[Result "1-0"]
[WhiteElo "2094"]
[BlackElo "1930"]
[Annotator "had"]
[PlyCount "93"]

1. c4 f5 2. Nf3 Nf6 3. g3 e6 4. Bg2 Be7 5. O-O O-O 6. Nc3 d5 7. d3 c5 8. e4
fxe4 9. dxe4 d4 10. Ne2 Nxe4 11. Nfxd4 Nxf2 12. Rxf2 Rxf2 13. Kxf2 cxd4 14.
Qxd4 Qa5 15. Be3 Bf6 16. Qd2 Qc7 17. Rd1 Na6 18. b3 e5 19. Qd6 Qxd6 20. Rxd6
Nb4 21. Nc3 a5 22. Rb6 Ra6 23. Rxa6 bxa6 24. Bb6 a4 25. bxa4 e4 26. Nxe4 Nxa2
27. Nxf6+ gxf6 28. Bd5+ Kf8 29. Ba5 Nc1 30. Ke3 Nb3 31. Bb4+ Ke8 32. c5 a5 33.
Ba3 Na1 34. Kd2 Bf5 35. Bb2 Nc2 36. Bxf6 Nb4 37. Bf3 Bd7 38. Bd1 Nd5 39. Bc3
Nxc3 40. Kxc3 Bc6 41. Kd4 Kf7 42. Ke5 Ke7 43. g4 h6 44. h4 Bd7 45. Kd5 Kd8 46.
c6 Be8 47. Kd6 1-0

[Event "Kieler Open 2017-A"]
[Site "Kiel"]
[Date "2017.07.29"]
[Round "2.23"]
[White "Ghadimi, Mohammed Reza"]
[Black "Isler, Benjamin"]
[Result "1-0"]
[WhiteElo "2126"]
[BlackElo "1897"]
[Annotator "had"]
[PlyCount "51"]

1. e4 e6 2. d4 d5 3. Nd2 c5 4. exd5 Qxd5 5. Ngf3 cxd4 6. Bc4 Qd6 7. O-O Nf6 8.
Nb3 Nc6 9. Nbxd4 Nxd4 10. Nxd4 a6 11. Re1 Qc7 12. Bb3 Bd6 13. Qf3 O-O 14. Bg5
Bxh2+ 15. Kh1 Be5 16. Rad1 Rd8 17. c3 h6 18. Bh4 Bd7 19. Qe2 Bxd4 20. cxd4 Bb5
21. Qf3 Bc6 22. d5 exd5 23. Bxf6 gxf6 24. Qg4+ Kh8 25. Qh4 Kg7 26. Rd3 1-0

[Event "Kieler Open 2017-A"]
[Site "Kiel"]
[Date "2017.07.29"]
[Round "2.24"]
[White "Kaiser, Johannes"]
[Black "Weber, Samuel"]
[Result "1/2-1/2"]
[WhiteElo "1720"]
[BlackElo "2123"]
[Annotator "had"]
[PlyCount "82"]

1. e4 e5 2. Nf3 Nc6 3. d4 exd4 4. Bc4 Nf6 5. e5 d5 6. Bb5 Ne4 7. Nxd4 Bc5 8.
O-O O-O 9. Nxc6 bxc6 10. Bxc6 Ba6 11. Qxd5 Bxf1 12. Qxe4 Bb5 13. Nc3 Bxc6 14.
Qxc6 Bd4 15. Bf4 Rb8 16. b3 Rb6 17. Qc4 c5 18. a3 Re6 19. Rd1 Rfe8 20. Ne4 Qh4
21. g3 Qh5 22. Rd2 Bxe5 23. Qxc5 f5 24. Bxe5 fxe4 25. Bd4 Qh3 26. Be3 Re5 27.
Rd5 Rxd5 28. Qxd5+ Kh8 29. Bd4 Qg4 30. Bxa7 h5 31. h4 Re6 32. Be3 Rg6 33. Kh2
Qf3 34. Qe5 Rf6 35. a4 Qe2 36. Qd4 Qxc2 37. a5 Qxb3 38. Qxe4 Qa2 39. Qa8+ Kh7
40. Qe4+ Kh8 41. Qa8+ Kh7 1/2-1/2

[Event "Kieler Open 2017-A"]
[Site "Kiel"]
[Date "2017.07.29"]
[Round "2.25"]
[White "Saglam, Bülent"]
[Black "Neuendorf, Max"]
[Result "1-0"]
[WhiteElo "2076"]
[BlackElo "1892"]
[Annotator "had"]
[PlyCount "47"]

1. e4 e6 2. Nc3 d5 3. d4 Nf6 4. Bg5 Be7 5. e5 Nfd7 6. Bxe7 Qxe7 7. Bd3 a6 8.
Nce2 c5 9. c3 Nc6 10. Nf3 cxd4 11. cxd4 f6 12. exf6 Nxf6 13. O-O O-O 14. Qe1
Bd7 15. Ne5 Nb4 16. Bb1 Bb5 17. a3 Nc6 18. a4 Bxe2 19. Nxc6 bxc6 20. Qxe2 Nd7
21. Ra3 e5 22. dxe5 Qxe5 23. Re3 Qf4 24. Qc2 1-0

[Event "Kieler Open 2017-A"]
[Site "Kiel"]
[Date "2017.07.29"]
[Round "2.26"]
[White "Papesch, Dennis"]
[Black "Haffner, Alexander"]
[Result "0-1"]
[WhiteElo "1825"]
[BlackElo "2113"]
[Annotator "had"]
[PlyCount "78"]

1. d4 Nf6 2. Nf3 e6 3. c4 b6 4. g3 Bb7 5. Bg2 Be7 6. O-O O-O 7. Nc3 d5 8. Ne5
Nbd7 9. f4 c5 10. e3 Rc8 11. b3 cxd4 12. exd4 Qc7 13. Bb2 dxc4 14. Bxb7 Qxb7
15. bxc4 Rfd8 16. Qe2 Nf8 17. Rad1 Bb4 18. Rf3 Bxc3 19. Rxc3 Ne4 20. Rcc1 f5
21. Nf3 Qa6 22. Ba1 Rc7 23. Rc2 Qa4 24. Rdc1 h6 25. Nd2 Nf6 26. Nb3 Kh7 27. c5
Nd5 28. cxb6 Rxc2 29. Rxc2 axb6 30. Qc4 Qe8 31. Qe2 Nd7 32. Bc3 N7f6 33. Be1
Ne4 34. Nd2 Ndf6 35. Nxe4 Nxe4 36. Bf2 Qd7 37. d5 Qxd5 38. Bxb6 Rb8 39. Rb2
Rxb6 0-1

[Event "Kieler Open 2017-A"]
[Site "Kiel"]
[Date "2017.07.29"]
[Round "2.27"]
[White "Müller, Jan Hendrik"]
[Black "Farokhi, Keyvan"]
[Result "1/2-1/2"]
[WhiteElo "2109"]
[BlackElo "1726"]
[Annotator "had"]
[PlyCount "47"]

1. c4 c5 2. g3 g6 3. Bg2 Bg7 4. Nc3 Nc6 5. a3 d6 6. Rb1 a5 7. e4 e5 8. d3 Nge7
9. Nge2 O-O 10. O-O Be6 11. Nd5 Bxd5 12. exd5 Nd4 13. Nc3 f5 14. f4 Qd7 15. b4
axb4 16. axb4 b6 17. Be3 Ra3 18. Bxd4 exd4 19. Nb5 Ra2 20. Ra1 Rfa8 21. Rxa2
Rxa2 22. Re1 Nc8 23. Qb3 Ra6 24. bxc5 1/2-1/2

[Event "Kieler Open 2017-A"]
[Site "Kiel"]
[Date "2017.07.29"]
[Round "2.28"]
[White "Samuelson, Bernd"]
[Black "Besenthal, Klaus-Günther"]
[Result "0-1"]
[WhiteElo "1438"]
[BlackElo "2076"]
[Annotator "had"]
[PlyCount "54"]

1. e4 Nc6 2. Nf3 d6 3. d4 Nf6 4. Nc3 g6 5. Bg5 Bg7 6. Qd2 h6 7. Be3 Ng4 8.
O-O-O Nxe3 9. fxe3 O-O 10. Be2 a6 11. Rdf1 b5 12. h3 b4 13. Nd5 Bb7 14. Bd3 a5
15. Nf4 e5 16. Ne2 Rb8 17. d5 Ne7 18. g4 c6 19. dxc6 Bxc6 20. Ng3 Qb6 21. h4 d5
22. Re1 a4 23. h5 b3 24. cxb3 axb3 25. a3 dxe4 26. Bxe4 Bxe4 27. Nxe4 Qc6+ 0-1

[Event "Kieler Open 2017-A"]
[Site "Kiel"]
[Date "2017.07.29"]
[Round "2.29"]
[White "Rieper, Julian"]
[Black "Degenhardt, Andreas"]
[Result "1-0"]
[WhiteElo "2048"]
[BlackElo "1777"]
[Annotator "had"]
[PlyCount "51"]

1. e4 c6 2. d4 d5 3. e5 c5 4. c3 Nc6 5. Nf3 Bg4 6. Nbd2 cxd4 7. cxd4 e6 8. h3
Bxf3 9. Nxf3 Nge7 10. Bd3 Ng6 11. O-O Be7 12. Qb3 Rb8 13. Be3 O-O 14. Rac1 Na5
15. Qa4 a6 16. Bd2 Nc6 17. b4 Qb6 18. b5 axb5 19. Qxb5 Qa7 20. Be3 Nb4 21. Bb1
Nxa2 22. Rc7 Rfc8 23. Rxc8+ Rxc8 24. Bxg6 hxg6 25. Qd7 Rc3 26. Qxe7 1-0

[Event "Kieler Open 2017-A"]
[Site "Kiel"]
[Date "2017.07.29"]
[Round "2.30"]
[White "Gutschenreiter, Donato"]
[Black "Deutschbein, Christopher"]
[Result "1/2-1/2"]
[WhiteElo "1714"]
[BlackElo "2019"]
[Annotator "had"]
[PlyCount "63"]

1. e4 e5 2. Nf3 Nc6 3. Bc4 Nf6 4. d3 Be7 5. Bg5 d6 6. h3 Na5 7. Nbd2 Nxc4 8.
Nxc4 Be6 9. Ne3 Qd7 10. c4 c6 11. a3 Ng8 12. Bxe7 Qxe7 13. O-O h5 14. d4 exd4
15. Nxd4 g6 16. f4 Nh6 17. Qf3 O-O 18. g4 hxg4 19. hxg4 Qh4 20. f5 Bd7 21. Rf2
Qg5 22. Qf4 Qxf4 23. Rxf4 g5 24. Rf3 f6 25. Ne2 Rad8 26. Rd1 Bc8 27. Rh3 Nf7
28. Ng3 Ne5 29. Kf2 Kg7 30. Ke2 b6 31. Rdh1 Rh8 32. Rxh8 1/2-1/2

[Event "Kieler Open 2017-A"]
[Site "Kiel"]
[Date "2017.07.29"]
[Round "2.31"]
[White "Fernandez, Daniel"]
[Black "Untiedt, Urs Arved"]
[Result "1-0"]
[WhiteElo "2485"]
[BlackElo "1720"]
[Annotator "had"]
[PlyCount "119"]

1. d4 d5 2. c4 e6 3. Nf3 Nf6 4. Bg5 Be7 5. e3 O-O 6. cxd5 exd5 7. Bd3 h6 8.
Bxf6 Bxf6 9. Nc3 Be6 10. Qc2 Nc6 11. a3 Re8 12. O-O Bg4 13. Qb3 Bxf3 14. gxf3
Bxd4 15. exd4 Qg5+ 16. Kh1 Nxd4 17. Qxd5 Qf6 18. f4 Qxf4 19. Qg2 Re5 20. Rg1
Rg5 21. Qe4 Rxg1+ 22. Rxg1 Qxe4+ 23. Bxe4 c6 24. Rd1 Ne6 25. b4 a5 26. b5 Rc8
27. bxc6 bxc6 28. Rd6 c5 29. Bd5 Nf4 30. h4 Rb8 31. Bc4 Rb2 32. Ne4 Rb1+ 33.
Kh2 Ra1 34. Kg3 Ne6 35. Bxe6 Rxa3+ 36. f3 fxe6 37. Rxe6 Ra1 38. Nxc5 a4 39. Re2
a3 40. Ne4 a2 41. Kf4 Rh1 42. Rxa2 Rxh4+ 43. Ke5 Rh5+ 44. Ke6 Rb5 45. f4 Rb6+
46. Nd6 Rb1 47. Ra8+ Kh7 48. f5 Rb2 49. Kf7 Rc2 50. Ne8 h5 51. Ra6 Rb2 52. Rg6
Rb7+ 53. Kf8 h4 54. Nxg7 Rb8+ 55. Kf7 Rb7+ 56. Kf6 h3 57. Ne6 Kh8 58. Rh6+ Rh7
59. Rxh7+ Kxh7 60. Ng5+ 1-0

[Event "Kieler Open 2017-A"]
[Site "Kiel"]
[Date "2017.07.29"]
[Round "2.32"]
[White "Beeck, Mats"]
[Black "Bernard, Adrian"]
[Result "1/2-1/2"]
[WhiteElo "2104"]
[BlackElo "1745"]
[Annotator "had"]
[PlyCount "84"]

1. e4 c5 2. Nf3 Nc6 3. d4 cxd4 4. Nxd4 g6 5. c4 Bg7 6. Be3 Nf6 7. Nc3 d6 8. Be2
O-O 9. O-O Nd7 10. Qd2 Nde5 11. f4 Ng4 12. Bxg4 Bxg4 13. f5 gxf5 14. Nxf5 Bxf5
15. exf5 Kh8 16. Ne4 f6 17. Ng3 Qe8 18. Qe2 Rg8 19. Nh5 Ne5 20. Nf4 Bh6 21. Nd5
Bxe3+ 22. Nxe3 Rc8 23. b3 Rg5 24. Nd5 Qf7 25. g3 Rcg8 26. Rae1 h5 27. Rf4 Rg4
28. Rxg4 hxg4 29. Kh1 Rg7 30. Rf1 Rh7 31. Nf4 Qe8 32. Qe4 Nf3 33. Rxf3 gxf3 34.
Ng6+ Kg7 35. Qxf3 Qc6 36. Qxc6 bxc6 37. Nxe7 Rh5 38. Kg2 c5 39. g4 Rh8 40. Nd5
Re8 41. Kf2 Re4 42. h3 Rd4 1/2-1/2

[Event "Kieler Open 2017-A"]
[Site "Kiel"]
[Date "2017.07.29"]
[Round "2.33"]
[White "Weber, Andreas"]
[Black "Lenhardt, Manfred"]
[Result "0-1"]
[WhiteElo "1795"]
[BlackElo "2096"]
[Annotator "had"]
[PlyCount "52"]

1. e4 e6 2. d3 d5 3. Nd2 Nf6 4. Ngf3 c5 5. g3 Nc6 6. Bg2 Be7 7. O-O b6 8. Re1
Bb7 9. e5 Nd7 10. Nf1 Qc7 11. Qe2 h6 12. h4 O-O-O 13. Bf4 Rdg8 14. g4 g5 15.
hxg5 hxg5 16. Bg3 Nf8 17. Ne3 Ng6 18. c4 Nf4 19. Qd2 d4 20. Bxf4 gxf4 21. Nd5
exd5 22. cxd5 Rxg4 23. Nh2 Rxg2+ 24. Kxg2 Nxe5 25. Qxf4 Bxd5+ 26. Kf1 Bd6 0-1

[Event "Kieler Open 2017-A"]
[Site "Kiel"]
[Date "2017.07.29"]
[Round "2.34"]
[White "Bernhardsson, Sten"]
[Black "Christensen, Andreas"]
[Result "0-1"]
[WhiteElo "1927"]
[BlackElo "1809"]
[Annotator "had"]
[PlyCount "86"]

1. d4 Nf6 2. Nf3 c5 3. d5 g6 4. c4 b5 5. cxb5 a6 6. bxa6 Bg7 7. Nc3 O-O 8. e4
Qa5 9. Nd2 Bxa6 10. Bxa6 Qxa6 11. Qe2 d6 12. Nc4 Nbd7 13. O-O Rfb8 14. f3 Ne8
15. Bg5 Rb4 16. Ne3 Qxe2 17. Nxe2 Rxb2 18. Rae1 Raxa2 19. Nc1 Ra4 20. Nd1 Rc2
21. Re2 Rac4 22. Rxc2 Rxc2 23. Re1 Bd4+ 24. Kf1 f6 25. Bf4 Ne5 26. Re2 Rxe2 27.
Kxe2 Nc7 28. Bxe5 fxe5 29. Kd3 Kf7 30. Ne2 Na6 31. f4 Nb4+ 32. Kc4 Kf6 33. g4
Nc2 34. h3 exf4 35. Nxf4 Ke5 36. Ne6 Kxe4 37. Nf8 Kf3 38. Nxh7 Ke2 39. Nc3+
Bxc3 40. Kxc3 Ne3 41. Nf8 Nxd5+ 42. Kc4 Nf4 43. h4 Kf3 0-1

[Event "Kieler Open 2017-A"]
[Site "Kiel"]
[Date "2017.07.29"]
[Round "2.35"]
[White "Litau, Alexej"]
[Black "Terwitte, Heinrich"]
[Result "1-0"]
[WhiteElo "1701"]
[BlackElo "1913"]
[Annotator "had"]
[PlyCount "109"]

1. d4 d5 2. c4 e6 3. Nc3 c6 4. e4 dxe4 5. Nxe4 Bb4+ 6. Bd2 Qxd4 7. Bxb4 Qxe4+
8. Be2 Qxg2 9. Bf3 Qg6 10. Qd6 Nd7 11. Bxc6 bxc6 12. Qxc6 Rb8 13. Bd6 Ne7 14.
Bxe7 Kxe7 15. O-O-O Rd8 16. Ne2 Rb6 17. Qc7 e5 18. Rd5 Bb7 19. Rxe5+ Re6 20.
Nf4 Bxh1 21. Nxg6+ hxg6 22. Rxe6+ fxe6 23. Qxa7 Ra8 24. Qd4 e5 25. Qh4+ Kf7 26.
a3 Nf6 27. Qh3 g5 28. Qf5 e4 29. Qxg5 Bf3 30. Qd2 Ra7 31. Qc3 Rd7 32. b4 Rd3
33. Qb2 Rd1+ 34. Kc2 Rf1 35. Qd4 Ng4 36. Qd7+ Kf6 37. Qd8+ Kf5 38. Qd7+ Kf4 39.
Qf7+ Nf6 40. Qxg7 Rxf2+ 41. Kc3 Kf5 42. h4 Rg2 43. Qc7 Rg8 44. b5 Re8 45. Qc5+
Re5 46. Qe3 Kg6 47. b6 Ng4 48. Qf4 Rf5 49. h5+ Kf6 50. Qd6+ Kg5 51. b7 e3 52.
Qg6+ Kf4 53. b8=Q+ Ne5 54. Qh6+ Kg4 55. Qxe3 1-0

[Event "Kieler Open 2017-A"]
[Site "Kiel"]
[Date "2017.07.29"]
[Round "2.37"]
[White "Eberhardt, Michael"]
[Black "Fuhrmann, Äke"]
[Result "1-0"]
[WhiteElo "1812"]
[BlackElo "1783"]
[Annotator "had"]
[PlyCount "35"]

1. Nf3 Nf6 2. c4 g6 3. b4 Bg7 4. Bb2 O-O 5. g3 d5 6. Bg2 c6 7. O-O dxc4 8. Na3
Na6 9. b5 cxb5 10. Nxb5 Qb6 11. a4 Nd5 12. Bxg7 Kxg7 13. Rc1 e6 14. Rxc4 Bd7
15. Qa1+ Kg8 16. Rb1 Qa5 17. Nd6 b6 18. Nb7 1-0

[Event "Kieler Open 2017-A"]
[Site "Kiel"]
[Date "2017.07.29"]
[Round "2.38"]
[White "Karlisch, Moritz"]
[Black "Lubenow, Olaf"]
[Result "1-0"]
[WhiteElo "1887"]
[BlackElo "1703"]
[Annotator "had"]
[PlyCount "75"]

1. d4 Nf6 2. c4 c5 3. Nf3 cxd4 4. Nxd4 g6 5. Nc3 Bg7 6. e4 d6 7. Be2 O-O 8. O-O
Nc6 9. Be3 Bd7 10. f3 Rc8 11. Qd2 a6 12. a3 Na5 13. b4 Nxc4 14. Bxc4 Rxc4 15.
Rac1 Qb8 16. Nb3 Be6 17. Na5 Rcc8 18. Na4 Nd7 19. f4 f5 20. exf5 Rxf5 21. g4
Rd5 22. Qe2 Bf7 23. Rxc8+ Qxc8 24. Rc1 Qb8 25. Qc2 b5 26. Nc3 Bxc3 27. Qxc3 e5
28. Qc6 Be6 29. f5 Qf8 30. fxe6 Qf3 31. Qxd5 Qxe3+ 32. Kg2 Nf6 33. Qd1 Ne4 34.
Rc2 Ng5 35. Rf2 Qh3+ 36. Kh1 Ne4 37. Qf3 Qxg4 38. Qf8# 1-0